000 01639 a2200241 4500
001 47267
005 20260407155740.0
008 260407a1986 arg spa d
003 AR-UNSa-BCEJYS
040 _aAR-UNSa-BCEJYS
_bspa
_cAR-UNSa-BCEJYS
080 _a94:33
_xHistoria económica
245 1 0 _aProsperidad y Crisis
_preconstrucción, crecimiento y cambio, 1945-1980
020 _a84-7423-280-5
264 1 _aBarcelona :
_bCrítica
_c1986
300 _a680 p.
_c20 cm.
505 _aParte I: El crecimiento económico desde la Segunda Guerra Mundial: 1. Consecuencias de la guerra y reconstrucción económica, 1945 - 1950 - 2. El crecimiento económico como desafío para la política económica: los <plateados> y los <dorados> años sesenta - 3. Evolución demográfica y escasez de recursos - 4. La explicación del crecimiento por los factores de oferta, trabajo y capital - 5. La innovación como factor de crecimiento - 6. El tirón de la demanda -- Parte II: El marco constitucional: 7. El advenimiento de la economía mixta - 8. Objeciones a la economía mixta - 9. La liberalización del comercio internacional después de la segunda guerra mundial - 10. El camino hacia un nuevo orden económico mundial - 11. El patrón oro-dólar como base del sistema monetario mundial, 1994-1971 - 12. La construcción de un nuevo sistema monetario internacional, 1971-1980.
041 _aspa
942 _cBK
590 _aniveau_biblio:m niveau_hierar:0
100 1 _aMuñoz, Gustau
700 1 _aVan Der Wee, Herman
856 4 1 _uhttps://www.biblioeco.unsa.edu.ar/pmb/images/libros/L127446.jpg
_yImagen de portada
_qimage/jpeg
999 _c4329
_d4329